RACE RELATIONS: OPPOSING VIEWPOINTS (Record no. 27221)
[ view plain ]
| 000 -LEADER | |
|---|---|
| fixed length control field | 00328nam a22001457a 4500 |
| 003 - CONTROL NUMBER IDENTIFIER | |
| control field | SGT |
| 020 ## - INTERNATIONAL STANDARD BOOK NUMBER | |
| International Standard Book Number | 9781565103566 |
| 082 ## - DEWEY DECIMAL CLASSIFICATION NUMBER | |
| Classification number | 305.8 |
| Item number | R96W |
| 100 ## - MAIN ENTRY--PERSONAL NAME | |
| Personal name | WINTERS, PAUL A. |
| 245 ## - TITLE STATEMENT | |
| Title | RACE RELATIONS: OPPOSING VIEWPOINTS |
| 260 ## - PUBLICATION, DISTRIBUTION, ETC. (IMPRINT) | |
| Name of publisher, distributor, etc | GREENHAVEN PRESS |
| Year of Publication | 1996 |
| 300 ## - PAGE DESCRIPTION | |
| No. of Pages | 239 |
| 650 ## - SUBJECT ADDED ENTRY--TOPICAL TERM | |
| Topical term or geographic name as entry element | SOCIAL SCIENCE |
| 942 ## - ADDED ENTRY ELEMENTS (KOHA) | |
| Source of classification or shelving scheme | Dewey Decimal Classification |
| Koha item type | Books |
| Withdrawn status | Lost status | Source of classification or shelving scheme | Damaged status | Not for loan | Home library | Current library | Shelving location | Date acquired | SGTU | Total Checkouts | Full call number | Accession No. (Barcode) | Date last seen | Bill Date | Koha item type |
|---|---|---|---|---|---|---|---|---|---|---|---|---|---|---|---|
| Dewey Decimal Classification | Not For Loan | SGT Chancellor's Library | SGT Chancellor's Library | Reference Book | 13/11/2024 | SGTU | 305.8 R96W | CH556 | 13/11/2024 | 13/11/2024 | Books |